000 02712cam a22006614i 4500
003 PE-LiUPU
005 20250731170455.0
008 150706s2006 sp a rb 000 0 d
020 _a9788420546223
035 _a(Sirsi) i9788420546223
040 _aPE-LiUPU
_bspa
_cPE-LiUPU
_erda
049 _aPRUA
082 0 4 _a174.4
_bG91
_221
082 0 4 _a174.4
_bG91 2006
100 1 _aGuillén, Manuel,
_eautor.
245 1 0 _aÉtica en las organizaciones /
_cManuel Guillén.
264 1 _aMadrid :
_bPearson Prentice Hall,
_c2006.
300 _a357 páginas :
_bilustraciones ;
_c24 centimetros.
336 _atext
_2rdacontent
337 _aunmediated
_2rdamedia
338 _avolume
_2rdacarrier
504 _aIncluye bibliografía.
505 0 _aIntroducción. Ética en el mundo de las organizaciones -- Nivel micro-organizacional -- Ética del trabajo en las organizaciones -- Ética en la toma de decisiones -- Ética y comportamiento humano y acción: La persona y su acción. Ética, motivación y liderazgo -- Nivel organizacional: La ética en el seno de la organización -- Nivel organizacional: La ética y la responsabilidad social de la organización -- La ética organizacional en el mundo académico.
526 _aSEG68
526 _aSEG70
526 _aSEG69
526 _aSEG67
526 _aSEG43
526 _aP144
526 _aP143
526 _aP131
526 _aP122
526 _aP120
526 _aP117
526 _aP112
526 _aP110
526 _aP106
526 _aP101
526 _aP80
526 _aP59
526 _aP54
526 _aP35
526 _aP33
526 _aP30
541 _g001-0036576;
650 0 4 _aÉtica empresarial.
_95378
650 0 4 _aLiderazgo.
700 1 _aPosadas, Juan Luis,
_eed.
910 _agl
_bjv
_cng
_d20121212
942 _2ddc
_cBOOK
949 _a174.4 G91
_wDEWEY
_c1
_i65934
_lCCODEBUL1
_mBUL
_p33.00
_r0
_sY
_tBOOK
_u2015-7-6
_xFCE
_zAGB
_o.STAFF. Colección General
949 _a174.4 G91 2006
_wDEWEY
_c1
_iFJ03450
_lCCODEBUJ1
_mBUJ
_p38.26
_r0
_sY
_tBOOK
_u2016-10-27
_xSALUD
_zPSICOLOGÍA
_0COMPRA
_o.STAFF. Colección General Juliaca
994 _aC0
_bPEPRU
596 _a1 3
999 _a174.4 G91 2006
_wDEWEY
_c54308
_i65934
_d54308
_e2017-9-13
_f2021-12-10
_g6
_lCCODEBUL1
_mBUL
_n3
_p33.00
_r0
_sY
_tBOOK
_u2015-7-6
_xFCE
_zAGB
_0COMPRA
_o.STAFF. Colección General
999 _a174.4 G91 2006
_wDEWEY
_c1
_iFJ03450
_d2019-11-28
_e2019-10-9
_f2022-1-17
_g4
_lCCODEBUJ1
_mBUJ
_n3
_p38.26
_q4
_r0
_sY
_tBOOK
_u2016-10-27
_xSALUD
_PP33
_0COMPRA
_o.STAFF. Colección General Juliaca
980 _81
_gALBERTO SANCHEZ Responsable de Automatización